Riadenie ľudských zdrojov vo vybranej spoločnosti bakalárska práca

Saved in:
Bibliographic Details
Main Author: Gregorová, Natália
Corporate Author: Podnikovohospodárska fakulta EU so sídlom v Košiciach. Katedra manažmentu
Other Authors: Šefčíková, Denisa
Format: Book
Language:Slovak
Published: Košice 2020
Tags: Add Tag
No Tags, Be the first to tag this record!

MARC

LEADER 00000nbm a2200000 4500
001 0265272
005 20210421111841.9
041 0 |a slo 
044 |a SK 
245 1 0 |a Riadenie ľudských zdrojov vo vybranej spoločnosti  |b bakalárska práca  |c Natália Gregorová ; školiteľ: Denisa Šefčíková 
264 1 |a Košice  |c 2020 
300 |a 70 s. 
100 1 |a Gregorová, Natália 
700 1 |a Šefčíková, Denisa 
710 2 |a Podnikovohospodárska fakulta EU so sídlom v Košiciach. Katedra manažmentu